书目信息 |
| 题名: |
运动医学
|
|
| 作者: | ;体育院、系教材编审委员会《运动医学》编写组 编 | |
| 分册: | ||
| 出版信息: | 北京 人民体育出版社 1984.3 |
|
| 页数: | 249页 | |
| 开本: | 26cm | |
| 丛书名: | ||
| 单 册: | ||
| 中图分类: | R455 | |
| 科图分类: | ||
| 主题词: | 治疗学 | |
| 电子资源: | ||
| ISBN: | ||
| 000 | 00653nam0 2200205 45 | |
| 001 | 0181013236 | |
| 005 | 20060419102831.75 | |
| 010 | @dCNY1.70 | |
| 100 | @a20810111d km y0chiy0120 ea | |
| 101 | 0 | @achi |
| 200 | 1 | @a运动医学@Ayun dong yi xue@f体育院、系教材编审委员会《运动医学》编写组编@Fben bian xie zu |
| 205 | @a2版 | |
| 210 | @a北京@c人民体育出版社@d1984.3 | |
| 215 | @a249页@d26cm | |
| 300 | @a体育系通用教材 | |
| 606 | 0 | @a治疗学 |
| 690 | @aR455@v4 | |
| 711 | 0 | @a体育院、系教材编审委员会《运动医学》编写组@Ati yu yuan、xi jiao cai bian shen wei yuan hui《yun dong yi xue》bian xie zu@4编 |
| 801 | @aCN@bTSTC@c20060419 | |
| 905 | @dR455@e10 | |
| 运动医学/体育院、系教材编审委员会《运动医学》编写组编.-2版.-北京:人民体育出版社,1984.3 |
| 249页;26cm |
| 体育系通用教材 |
| ISBN :CNY1.70 |
| ● |
| 相关链接 |
|
|
|
|
正题名:运动医学
索取号:R455/10
 
预约/预借
| 序号 | 登录号 | 条形码 | 馆藏地/架位号 | 状态 | 备注 |
| 1 | 0108485 | 202272833 | 密集书库/ [索取号:R455/10] | 在馆 | |
| 2 | 0108487 | 000714506 | 第三借阅区/ [索取号:R455/10] | 在馆 | |
| 3 | 0111272 | 202134779 | 密集书库/ [索取号:R455/10] | 在馆 | |
| 4 | 0111273 | 202134859 | 密集书库/ [索取号:R455/10] | 在馆 | |
| 5 | 0111274 | 202134813 | 密集书库/ [索取号:R455/10] | 在馆 | |
| 6 | 0111275 | 202134895 | 密集书库/ [索取号:R455/10] | 在馆 |